| 000 | 00516nam a22001697a 4500 | ||
|---|---|---|---|
| 003 | OSt | ||
| 005 | 20250820035502.0 | ||
| 008 | 250820b |||||||| |||| 00| 0 eng d | ||
| 020 | _a1-74045-778-1. | ||
| 040 |
_aDWCL MAIN LIB _cOC |
||
| 100 | _aBORDERS GROUP | ||
| 245 |
_a The essential rice cookbook / _cBORDERS GROUP |
||
| 260 |
_aChina : _bMurdoch Books Pty. Limited, _c c2005. |
||
| 300 |
_a304 pages : _b color illustrations ; _c 28cm. |
||
| 504 | _aIncludes glossary and index. | ||
| 942 |
_2ddc _cBK-CIRC _kCirc. _n0 |
||
| 999 |
_c4104 _d4104 |
||